Diseño de un plan de marcación basado en VOIP
Presenta el diseño de una red telefónica basada en protocolo IP, se estudian los protocolos para VOIP y se realiza un estudio técnico para el diseño de la red telefónica IP.
| Main Authors: | , |
|---|---|
| Other Authors: | |
| Format: | Tesis Section = Libro |
| Language: | Undetermined Spanish |
| Published: |
Managua
UNI
2010
|
| Subjects: |
| LEADER | 00941nam a2200241Ia 4500 | ||
|---|---|---|---|
| 008 | 240830s9999 xx 000 0 und d | ||
| 040 | |a BIBLIOTECA-RUSB/ T.Mon 384.3 G216 | ||
| 041 | |a spa | ||
| 082 | |a T.Mon 384.3 G216 | ||
| 100 | 1 | |a García Sánchez, Erick Bismark | |
| 100 | 1 | |b Calero Escorcia, Segundo Martín | |
| 245 | 1 | 0 | |a Diseño de un plan de marcación basado en VOIP |
| 260 | |a Managua |b UNI |c 2010 | ||
| 300 | |a 53 p. :il. | ||
| 502 | |a Tesis (Ingeniero Electrónico) - UNI, 2010. | ||
| 520 | 3 | |a Presenta el diseño de una red telefónica basada en protocolo IP, se estudian los protocolos para VOIP y se realiza un estudio técnico para el diseño de la red telefónica IP. | |
| 650 | 7 | |a TELECOMUNICACIONES | |
| 650 | 7 | |b REDES DE ÁREA LOCAL - REDES DE COMPUTADORAS | |
| 650 | 7 | |c LÍNEAS TELEFÓNICAS | |
| 700 | 1 | |a Tutor: |b Dalla-Torre Parrales, Cedrick Elksnher | |
| 942 | |c BK |2 ddc | ||
| 991 | |a TESIS | ||
| 999 | |c 21793 | ||